Les bébés en détresse. Intersubjectivité et travail de lien : Une théorie de la fonction contenante. Préface de Bernard Golse (notice n° 1933555)

détails MARC
000 -LEADER
fixed length control field 01433cam a2200133 4500500
005 - DATE AND TIME OF LATEST TRANSACTION
control field 20260329024356.0
041 ## - LANGUAGE CODE
Language code of text/sound track or separate title fre
042 ## - AUTHENTICATION CODE
Authentication code dc
100 10 - MAIN ENTRY--PERSONAL NAME
Personal name Mellier, Denis
Relator term author
245 00 - TITLE STATEMENT
Title Les bébés en détresse. Intersubjectivité et travail de lien : Une théorie de la fonction contenante. Préface de Bernard Golse
260 ## - PUBLICATION, DISTRIBUTION, ETC.
Name of publisher, distributor, etc. Presses Universitaires de France,<br/>
Date of publication, distribution, etc. 2005.<br/>
520 ## - SUMMARY, ETC.
Summary, etc. Comment intervenir face à un bébé en détresse qui ne peut exprimer par des mots sa souffrance&amp;#8239;? Comment apporter un soin psychique&amp;#8239;? Cette étude est une synthèse des avancées actuelles de la clinique psychanalytique sur de nombreux terrains institutionnels. Le processus de subjectivation de ces souffrances primitives passe par la présence de l’autre et un authentique travail de transformation qui implique souvent plusieurs professionnels. La «métapsychologie freudienne»sert de creuset à cette réflexion etprend ici une orientation intersubjective, tout en s’informant des avancées actuelles en psychologie développementale et en neurosciences. Avec la clinique des «bébés en détresse» se met en place un nouveau paradigme pour le soin psychique, centré sur un niveau de symbolisation «primaire» très proche du corps et du groupe.
856 41 - ELECTRONIC LOCATION AND ACCESS
Uniform Resource Identifier <a href="https://shs.cairn.info/les-bebes-en-detresse-intersubjectivite-et-travail-de-lien--9782130551096?lang=fr&redirect-ssocas=7080">https://shs.cairn.info/les-bebes-en-detresse-intersubjectivite-et-travail-de-lien--9782130551096?lang=fr&redirect-ssocas=7080</a>

Pas d'exemplaire disponible.

PLUDOC

PLUDOC est la plateforme unique et centralisée de gestion des bibliothèques physiques et numériques de Guinée administré par le CEDUST. Elle est la plus grande base de données de ressources documentaires pour les Étudiants, Enseignants chercheurs et Chercheurs de Guinée.

Adresse

627 919 101/664 919 101

25 boulevard du commerce
Kaloum, Conakry, Guinée

Réseaux sociaux

Powered by Netsen Group @ 2025